[Event "HUN-chT2 Charousek 1718"]
[Site "Hungary"]
[Date "2017.10.29"]
[Round "1.10"]
[White "Nagy, Hunor"]
[Black "Thurmer, Jeno"]
[Result "1-0"]
[WhiteElo "1953"]
[BlackElo "2024"]
[PlyCount "35"]
[EventDate "2017.10.29"]
[EventType "team-tourn"]
[EventRounds "9"]
[EventCountry "HUN"]
[SourceTitle "EXT 2020"]
[Source "ChessBase"]
[SourceDate "2019.10.17"]
[SourceVersion "1"]
[SourceVersionDate "2019.10.17"]
[SourceQuality "1"]
[WhiteTeam "Gyor Szechenyi"]
[BlackTeam "Komlo Banyasz"]
[WhiteTeamCountry "HUN"]
[BlackTeamCountry "HUN"]

1. e4 c5 2. Nc3 Nc6 3. f4 d6 4. Bb5 Bd7 5. Nf3 g6 6. d3 Bg7 7. 0-0 e6 8. Qe1 Nge7 9. Bc4 0-0 10. Qh4 a6 11. f5 exf5 12. Bg5 Qe8 13. Rae1 Be6 14. Nd5 Nxd5 15. exd5 Ne5 16. Nxe5 Bxe5 17. dxe6 fxe6 18. Be7 1-0

[Event "HUN-chT2 Asztalos 1516"]
[Site "Hungary"]
[Date "2016.03.20"]
[Round "9.1"]
[White "Thurmer, Jeno"]
[Black "Jeszenszky, Tibor"]
[Result "0-1"]
[WhiteElo "2040"]
[BlackElo "2331"]
[PlyCount "46"]
[EventDate "2015.09.13"]
[EventType "team-tourn"]
[EventRounds "11"]
[EventCountry "HUN"]
[SourceTitle "EXT 2017"]
[Source "ChessBase"]
[SourceDate "2016.10.25"]
[SourceVersion "1"]
[SourceVersionDate "2016.10.25"]
[SourceQuality "1"]
[WhiteTeam "Komlo Banyasz"]
[BlackTeam "Baja Spartacus"]
[WhiteTeamCountry "HUN"]
[BlackTeamCountry "HUN"]

1. d4 Nf6 2. c4 e6 3. Nf3 d5 4. Nc3 Be7 5. Bg5 h6 6. Bh4 0-0 7. e3 Ne4 8. Bxe7 Qxe7 9. cxd5 Nxc3 10. bxc3 exd5 11. Qb3 Rd8 12. Bd3 Nc6 13. 0-0 Rb8 14. Rac1 Bg4 15. Nd2 Qg5 16. Rfe1 Bf5 17. Bxf5 Qxf5 18. c4 dxc4 19. Qxc4 Qd5 20. Nf3 Qe4 21. Red1 Rd5 22. Rd3 Rbd8 23. Qc2 Nb4 0-1

[Event "HUN-chT2 Charousek 1415"]
[Site "Hungary"]
[Date "2015.04.26"]
[Round "9"]
[White "Thurmer, Jeno"]
[Black "Toth, Jozsef2222"]
[Result "0-1"]
[WhiteElo "2093"]
[BlackElo "2181"]
[PlyCount "80"]
[EventDate "2014.10.12"]
[EventType "team-tourn"]
[EventRounds "9"]
[EventCountry "HUN"]
[SourceTitle "EXT 2016"]
[Source "ChessBase"]
[SourceDate "2015.10.08"]
[SourceVersion "1"]
[SourceVersionDate "2015.10.08"]
[SourceQuality "1"]
[WhiteTeam "Komlo"]
[BlackTeam "Gyor Elektromos"]
[WhiteTeamCountry "HUN"]
[BlackTeamCountry "HUN"]

1. d4 d5 2. c4 c6 3. Nc3 Nf6 4. Nf3 e6 5. Bg5 h6 6. Bxf6 Qxf6 7. e3 Nd7 8. cxd5 exd5 9. Bd3 Qd8 10. 0-0 Be7 11. Qc2 0-0 12. a3 Bd6 13. b4 a6 14. Ne2 Nf6 15. Ng3 Re8 16. Nf5 Bxf5 17. Bxf5 Ne4 18. h3 g6 19. Bxe4 Rxe4 20. Rab1 Qe7 21. Nd2 Re6 22. Nb3 f5 23. Nc5 Rf6 24. a4 b5 25. axb5 Bxc5 26. Qxc5 Qxc5 27. dxc5 axb5 28. Ra1 Rff8 29. Rfd1 Rfb8 30. Rxa8 Rxa8 31. Rd4 Kf7 32. f3 Kf6 33. Kf2 Ra3 34. g4 Rc3 35. f4 fxg4 36. hxg4 h5 37. gxh5 gxh5 38. Rd1 Rb3 39. Rd4 Kf5 40. Kf3 h4 0-1

[Event "HUN-chT2 Charousek 1415"]
[Site "Hungary"]
[Date "2014.10.12"]
[Round "1"]
[White "Thurmer, Jeno"]
[Black "Makk, Robert"]
[Result "1/2-1/2"]
[WhiteElo "2093"]
[BlackElo "2221"]
[PlyCount "67"]
[EventDate "2014.10.12"]
[EventType "team-tourn"]
[EventRounds "9"]
[EventCountry "HUN"]
[SourceTitle "EXT 2016"]
[Source "ChessBase"]
[SourceDate "2015.10.08"]
[SourceVersion "1"]
[SourceVersionDate "2015.10.08"]
[SourceQuality "1"]
[WhiteTeam "Komlo"]
[BlackTeam "SZASTE"]
[WhiteTeamCountry "HUN"]
[BlackTeamCountry "HUN"]

1. d4 d5 2. c4 c6 3. Nc3 Nf6 4. Nf3 e6 5. Bg5 Be7 6. e3 Nbd7 7. cxd5 exd5 8. Bd3 h6 9. Bxf6 Nxf6 10. Qc2 0-0 11. 0-0 Re8 12. Rab1 Bd6 13. b4 Bg4 14. Nd2 Bd7 15. Bf5 b6 16. h3 Rc8 17. Qd3 Bxf5 18. Qxf5 Qe7 19. a3 Ne4 20. Ncxe4 dxe4 21. Rfc1 g6 22. Qg4 h5 23. Qe2 c5 24. bxc5 bxc5 25. dxc5 Rxc5 26. Rxc5 Bxc5 27. Qa6 Qe6 28. Qxe6 Rxe6 29. a4 f5 30. Rb5 Rc6 31. Nb3 Bb6 32. a5 Bc7 33. g3 a6 34. Rc5 1/2-1/2

[Event "HUN-chT2 Charousek 1314"]
[Site "Hungary"]
[Date "2014.04.13"]
[Round "10"]
[White "Thurmer, Jeno"]
[Black "Grimm, Gyorgy"]
[Result "0-1"]
[WhiteElo "2096"]
[BlackElo "2007"]
[PlyCount "68"]
[EventDate "2013.09.08"]
[EventType "team-tourn"]
[EventRounds "11"]
[EventCountry "HUN"]
[SourceTitle "EXT 2016"]
[Source "ChessBase"]
[SourceDate "2015.10.08"]
[SourceVersion "1"]
[SourceVersionDate "2015.10.08"]
[SourceQuality "1"]
[WhiteTeam "Komlo Banyasz"]
[BlackTeam "Budapest EAC"]
[WhiteTeamCountry "HUN"]
[BlackTeamCountry "HUN"]

1. d4 d5 2. c4 c6 3. Nc3 Nf6 4. Nf3 e6 5. Bg5 h6 6. Bxf6 Qxf6 7. e3 Nd7 8. cxd5 exd5 9. Bd3 Bb4 10. a3 Bd6 11. b4 0-0 12. 0-0 Qd8 13. b5 Nf6 14. bxc6 bxc6 15. Qc2 Qe7 16. a4 a5 17. Rab1 Bg4 18. Nd2 Rfb8 19. h3 Bd7 20. Nf3 Rb4 21. Na2 Rbb8 22. Rxb8+ Rxb8 23. Rb1 Qe8 24. Nd2 Qc8 25. Rxb8 Bxb8 26. Bf1 Bf5 27. Qb3 Qc7 28. Nf3 Ne4 29. Qb2 Ng5 30. Ne5 f6 31. h4 fxe5 32. hxg5 exd4 33. g3 dxe3 34. gxh6 exf2+ 0-1

[Event "HUN-chT2 Charousek 1314"]
[Site "Hungary"]
[Date "2014.03.23"]
[Round "9"]
[White "Thurmer, Jeno"]
[Black "Horvath, Reka"]
[Result "0-1"]
[WhiteElo "2096"]
[BlackElo "2062"]
[PlyCount "92"]
[EventDate "2013.09.08"]
[EventType "team-tourn"]
[EventRounds "11"]
[EventCountry "HUN"]
[SourceTitle "EXT 2016"]
[Source "ChessBase"]
[SourceDate "2015.10.08"]
[SourceVersion "1"]
[SourceVersionDate "2015.10.08"]
[SourceQuality "1"]
[WhiteTeam "Komlo Banyasz"]
[BlackTeam "Szombathely Haladas II"]
[WhiteTeamCountry "HUN"]
[BlackTeamCountry "HUN"]

1. d4 Nf6 2. c4 c5 3. d5 e6 4. Nc3 exd5 5. cxd5 d6 6. e4 g6 7. Be2 Bg7 8. h3 0-0 9. Nf3 Re8 10. Qc2 a6 11. a4 Qe7 12. Nd2 Nbd7 13. 0-0 Nf8 14. f4 b6 15. Bf3 Bd7 16. Nc4 b5 17. Nxd6 Qxd6 18. e5 Qb6 19. a5 Qa7 20. exf6 Bxf6 21. g4 Bd4+ 22. Kh1 f5 23. Ne2 Bf6 24. Ng3 fxg4 25. hxg4 Qc7 26. d6 Qxd6 27. Bxa8 Rxa8 28. Be3 Ne6 29. Ne4 Qd5 30. Kh2 Bg7 31. Rad1 Nd4 32. Bxd4 cxd4 33. Kg3 Rc8 34. Qd3 b4 35. Rfe1 h5 36. g5 Bf5 37. Qf3 Bxe4 38. Qxe4 Qxe4 39. Rxe4 Rc5 40. Re6 Rxa5 41. Rxg6 Ra2 42. Rxd4 Kf7 43. Rxg7+ Kxg7 44. Rxb4 Ra1 45. f5 Rg1+ 46. Kf4 Rg4+ 0-1

[Event "HUN-chT2 Asztalos 1213"]
[Site "Hungary"]
[Date "2012.11.04"]
[Round "3.8"]
[White "Galambos, Menyhert"]
[Black "Thurmer, Jeno"]
[Result "0-1"]
[WhiteElo "2009"]
[BlackElo "2070"]
[PlyCount "146"]
[EventDate "2012.09.16"]
[EventType "team-tourn"]
[EventRounds "9"]
[EventCountry "HUN"]
[SourceTitle "EXT 2014"]
[Source "ChessBase"]
[SourceDate "2013.11.20"]
[SourceVersion "1"]
[SourceVersionDate "2013.11.20"]
[SourceQuality "1"]
[WhiteTeam "Baja"]
[BlackTeam "Komlo"]
[WhiteTeamCountry "HUN"]
[BlackTeamCountry "HUN"]

1. d4 Nf6 2. c4 c5 3. d5 b5 4. cxb5 a6 5. bxa6 Bxa6 6. Nc3 d6 7. g3 g6 8. Bg2 Bg7 9. Nf3 Nbd7 10. Rb1 0-0 11. 0-0 Qc7 12. Re1 Rfb8 13. b3 Ng4 14. Qc2 c4 15. b4 Qa7 16. e3 Nde5 17. Re2 Nd3 18. a3 Bc8 19. Nd1 Nxc1 20. Qxc1 Qxa3 21. Qxc4 Bf5 22. e4 Rc8 23. Qb3 Qxb3 24. Rxb3 Bd7 25. Rb1 Bb5 26. Rd2 Bh6 27. Rd4 Rc2 28. Ne1 Rc7 29. h3 Ne5 30. Bf1 Bxf1 31. Kxf1 Bg7 32. Rd2 Rc4 33. Re2 Nd7 34. f3 Rb8 35. Nc2 h5 36. Ke1 Ne5 37. Rb3 Rbc8 38. Na3 Rc1 39. b5 Nd7 40. Rd2 Bc3 41. b6 Bxd2+ 42. Kxd2 R1c5 43. Nb2 Rb8 44. Nbc4 f5 45. Ke3 Kf7 46. Kd4 Nf6 47. Nc2 fxe4 48. fxe4 Nxe4 49. Kxe4 Rxc4+ 50. Nd4 Ra4 51. Ke3 Ke8 52. Nb5 Kd7 53. Nc7 Kc8 54. Kf3 Kb7 55. Ke3 Rc8 56. Kd3 Rxc7 57. bxc7+ Kxc7 58. Ke3 Kd7 59. Rb7+ Ke8 60. Rb1 Ra3+ 61. Kf4 Kf7 62. Rf1 Kg7 63. Re1 Kf6 64. Re6+ Kf7 65. Re4 Rd3 66. g4 Rxd5 67. gxh5 Rxh5 68. Kg4 Kf6 69. h4 d5 70. Ra4 Ke5 71. Ra6 e6 72. Ra8 d4 73. Rg8 Kf6 0-1

[Event "HUN-chT2 Asztalos 1112"]
[Site "Hungary"]
[Date "2012.04.22"]
[Round "9.9"]
[White "Thurmer, Jeno"]
[Black "Palotas, Karoly"]
[Result "1-0"]
[WhiteElo "2069"]
[BlackElo "1922"]
[PlyCount "67"]
[EventDate "2011.09.25"]
[EventType "team-tourn"]
[EventRounds "11"]
[EventCountry "HUN"]
[SourceTitle "EXT 2013"]
[Source "ChessBase"]
[SourceDate "2012.11.22"]
[SourceVersion "1"]
[SourceVersionDate "2012.11.22"]
[SourceQuality "1"]
[WhiteTeam "Komlo"]
[BlackTeam "Marcali"]
[WhiteTeamCountry "HUN"]
[BlackTeamCountry "HUN"]

1. d4 d6 2. c4 g6 3. e4 Bg7 4. Nc3 Nd7 5. Be3 e5 6. d5 a6 7. Be2 Ndf6 8. g4 h5 9. gxh5 Nxh5 10. Qd2 Bh6 11. Bxh6 Rxh6 12. Bxh5 Rxh5 13. Nce2 Qf6 14. Ng3 Rh7 15. 0-0-0 Bd7 16. Kb1 Ne7 17. Rf1 g5 18. Qe3 b6 19. Nf3 Qf4 20. Nxg5 Rg7 21. h4 Bg4 22. Qd3 f6 23. Ne6 Bxe6 24. Nh5 Qh6 25. Nxg7+ Qxg7 26. dxe6 0-0-0 27. h5 Rh8 28. c5 Kb7 29. cxd6 cxd6 30. Qxd6 Rc8 31. Rc1 Nc6 32. h6 Qg2 33. Qd5 f5 34. h7 1-0

[Event "HUN-chT2 Asztalos 0708"]
[Site "Hungary"]
[Date "2007.12.09"]
[Round "4"]
[White "Di Giovanni, Vilmos"]
[Black "Thurmer, Jeno"]
[Result "0-1"]
[WhiteElo "1957"]
[BlackElo "2072"]
[PlyCount "92"]
[EventDate "2007.10.14"]
[EventType "team"]
[EventRounds "11"]
[EventCountry "HUN"]
[SourceTitle "EXT 2009"]
[Source "ChessBase"]
[SourceDate "2008.11.26"]
[SourceVersion "1"]
[SourceVersionDate "2008.11.26"]
[SourceQuality "1"]
[WhiteTeam "Elore MAV"]
[BlackTeam "Komlo Banyasz"]
[WhiteTeamCountry "HUN"]
[BlackTeamCountry "HUN"]

1. d4 Nf6 2. Nf3 c5 3. e3 g6 4. b3 Bg7 5. Bb2 0-0 6. Nbd2 d6 7. Be2 Nc6 8. 0-0 Bf5 9. Nh4 Bd7 10. c3 cxd4 11. cxd4 Rc8 12. a3 a6 13. Rc1 b5 14. Bd3 e5 15. dxe5 dxe5 16. Nhf3 Nd5 17. Ne4 Bg4 18. h3 Bxf3 19. gxf3 Qh4 20. Bxb5 Nxe3 21. fxe3 axb5 22. Qe2 Bh6 23. Kg2 Rfd8 24. Rcd1 f5 25. Rxd8+ Rxd8 26. Nf2 f4 27. Ng4 Qg3+ 28. Kh1 Qxh3+ 29. Kg1 Bg7 30. exf4 Qg3+ 31. Kh1 Qxf4 32. Qxb5 Nd4 33. Qc4+ Kh8 34. Bxd4 exd4 35. Kg2 d3 36. Rd1 Qf5 37. Qe4 Qb5 38. b4 d2 39. f4 Re8 40. Qf3 Re2+ 41. Kg3 Bd4 42. Ne5 Re3 43. Rxd2 Rxf3+ 44. Nxf3 Be3 45. Rd8+ Kg7 46. Ra8 Qc4 0-1

[Event "HUN-chT2 Asztalos 0304"]
[Site "Hungary"]
[Date "2004.03.21"]
[Round "9"]
[White "Thurmer, Jeno"]
[Black "Madura, Gabor"]
[Result "1/2-1/2"]
[WhiteElo "2142"]
[BlackElo "2047"]
[PlyCount "73"]
[EventDate "2003.08.29"]
[EventType "team"]
[EventRounds "11"]
[EventCountry "HUN"]
[SourceTitle "EXT 2009"]
[Source "ChessBase"]
[SourceDate "2008.11.26"]
[SourceVersion "1"]
[SourceVersionDate "2008.11.26"]
[SourceQuality "1"]
[WhiteTeam "Komlo Banyasz"]
[BlackTeam "Koppany"]
[WhiteTeamCountry "HUN"]
[BlackTeamCountry "HUN"]

1. d4 d5 2. c4 e6 3. Nc3 Nf6 4. Bg5 Be7 5. Nf3 c6 6. e3 Nbd7 7. cxd5 exd5 8. Bd3 0-0 9. 0-0 Re8 10. Bxf6 Nxf6 11. Rb1 a5 12. Qc2 g6 13. a3 Bd6 14. b4 axb4 15. axb4 Bg4 16. Nd2 Qc7 17. h3 Bd7 18. Rfc1 Rec8 19. Qb3 Qd8 20. Na4 Rcb8 21. b5 Bc7 22. Nc5 Bc8 23. Ra1 Qd6 24. Nf3 Qf8 25. Qc3 Qh6 26. bxc6 bxc6 27. Na6 Bxa6 28. Bxa6 Rb6 29. Bb7 Rb8 30. Bxc6 Ne4 31. Qe1 Qh5 32. Bxd5 Qxd5 33. Rxc7 Rb2 34. Re7 Nxf2 35. e4 Qd6 36. Rea7 Qg3 37. Kf1 1/2-1/2

[Event "HUN-chT2 Asztalos 0304"]
[Site "Hungary"]
[Date "2004.02.08"]
[Round "7"]
[White "Thurmer, Jeno"]
[Black "Nogradi, Gabor"]
[Result "1-0"]
[WhiteElo "2142"]
[BlackElo "2118"]
[PlyCount "43"]
[EventDate "2003.08.29"]
[EventType "team"]
[EventRounds "11"]
[EventCountry "HUN"]
[SourceTitle "EXT 2009"]
[Source "ChessBase"]
[SourceDate "2008.11.26"]
[SourceVersion "1"]
[SourceVersionDate "2008.11.26"]
[SourceQuality "1"]
[WhiteTeam "Komlo Banyasz"]
[BlackTeam "Pecs Karmin"]
[WhiteTeamCountry "HUN"]
[BlackTeamCountry "HUN"]

1. d4 Nf6 2. c4 g6 3. Nc3 Bg7 4. e4 d6 5. Be2 0-0 6. g4 c5 7. d5 a6 8. h4 e6 9. g5 Ne8 10. h5 exd5 11. hxg6 hxg6 12. Nxd5 Nc6 13. Bg4 Nd4 14. Bxc8 Rxc8 15. Qd3 b5 16. Qh3 f5 17. Qh7+ Kf7 18. Rh6 Nc7 19. Qxg6+ Kg8 20. Nf6+ Rxf6 21. gxf6 Qxf6 22. Qh7+ 1-0

[Event "HUN-chT2 Asztalos 0304"]
[Site "Hungary"]
[Date "2003.10.05"]
[Round "2"]
[White "Ivan, Attila"]
[Black "Thurmer, Jeno"]
[Result "1-0"]
[WhiteElo "2275"]
[BlackElo "2142"]
[PlyCount "47"]
[EventDate "2003.08.29"]
[EventType "team"]
[EventRounds "11"]
[EventCountry "HUN"]
[SourceTitle "EXT 2009"]
[Source "ChessBase"]
[SourceDate "2008.11.26"]
[SourceVersion "1"]
[SourceVersionDate "2008.11.26"]
[SourceQuality "1"]
[WhiteTeam "Pannonpower"]
[BlackTeam "Komlo Banyasz"]
[WhiteTeamCountry "HUN"]
[BlackTeamCountry "HUN"]

1. e4 c5 2. c3 d5 3. exd5 Qxd5 4. d4 Nf6 5. Be3 e6 6. Nf3 Be7 7. h3 0-0 8. Bd3 Rd8 9. Qe2 Nc6 10. 0-0 cxd4 11. cxd4 e5 12. Bc4 Qd6 13. Nc3 Nxd4 14. Nxd4 exd4 15. Bxd4 Bf8 16. Rad1 Qc6 17. Bxf6 Qxf6 18. Rxd8 Qxd8 19. Rd1 Qe7 20. Qf3 Qf6 21. Qxf6 gxf6 22. Rd8 Kg7 23. Bd3 f5 24. Bxf5 1-0

[Event "HUN-chT2 Asztalos 0203"]
[Site "Hungary"]
[Date "2003.02.02"]
[Round "6"]
[White "Percze, Janos"]
[Black "Thurmer, Jeno"]
[Result "0-1"]
[WhiteElo "2206"]
[BlackElo "2193"]
[PlyCount "70"]
[EventDate "2002.09.22"]
[EventType "team"]
[EventRounds "11"]
[EventCountry "HUN"]
[SourceTitle "EXT 2009"]
[Source "ChessBase"]
[SourceDate "2008.11.26"]
[SourceVersion "1"]
[SourceVersionDate "2008.11.26"]
[SourceQuality "1"]

1. d4 Nf6 2. c4 c5 3. d5 b5 4. Nf3 b4 5. Bg5 Ne4 6. Bf4 d6 7. Qc2 Nf6 8. e4 Nbd7 9. Bd3 g6 10. h3 Bg7 11. 0-0 0-0 12. Nbd2 a5 13. Rae1 Qb6 14. Kh1 a4 15. Qb1 a3 16. b3 Nh5 17. Bh2 Bc3 18. g4 Ng7 19. Qc2 Ne5 20. Ng1 f5 21. gxf5 gxf5 22. Bxe5 dxe5 23. f4 Qh6 24. Re2 exf4 25. Rg2 Kh8 26. Kh2 Ra6 27. Ndf3 fxe4 28. Bxe4 Qh5 29. Rg5 Qh6 30. Rg2 Nh5 31. Ne2 Ng3 32. Nxg3 Qxh3+ 33. Kg1 fxg3 34. Rd1 Rh6 35. Kf1 Qh1+ 0-1

[Event "Harkany Tenkes Cup 26th"]
[Site "Harkany"]
[Date "2002.11.19"]
[Round "6"]
[White "Percze, Janos"]
[Black "Thurmer, Jeno"]
[Result "1-0"]
[WhiteElo "2206"]
[BlackElo "2166"]
[PlyCount "79"]
[EventDate "2002.11.14"]
[EventType "swiss"]
[EventRounds "9"]
[EventCountry "HUN"]
[SourceTitle "EXT 2008"]
[Source "ChessBase"]
[SourceDate "2007.11.25"]
[SourceVersion "1"]
[SourceVersionDate "2007.11.25"]
[SourceQuality "1"]

1. d4 Nf6 2. c4 c5 3. d5 b5 4. Nf3 bxc4 5. Nc3 d6 6. e4 g6 7. Bxc4 Bg7 8. 0-0 0-0 9. e5 dxe5 10. Nxe5 Ba6 11. Bxa6 Nxa6 12. Re1 Nb4 13. a3 Nbxd5 14. Nc6 Nxc3 15. Qxd8 Raxd8 16. Nxd8 Rxd8 17. bxc3 Ne4 18. Bb2 Nxc3 19. Rxe7 Nb1 20. Rxb1 Bxb2 21. Kf1 Rd2 22. a4 Bd4 23. Re2 Rd3 24. Ra2 Bc3 25. Ke2 Rd6 26. Rd1 Bd4 27. a5 Rf6 28. f3 g5 29. Kd3 Rf4 30. h3 Bf6 31. Ke2 Bd4 32. Ra4 Rf6 33. Kd3 Re6 34. Ra2 Re7 35. Kc4 Rb7 36. Rd3 Kg7 37. Rb3 Rd7 38. a6 Kf6 39. Rb7 Ke7 40. Ra5 1-0